RAGE MAP - Statistics

General Stats
  • This quiz has been taken 6 times
  • The average score is 2 of 15
Answer Stats
Answer % Correct
Pacific Ocean
100%
Bay of Bengal
33%
Great Slave Lake
33%
Gulf of Aden
33%
Lake Nokoué
33%
Aegean Sea
0%
Buada Lake
0%
Lago Salinas Grandes
0%
Lake Baikal
0%
Lake Kariba
0%
Lake Titicaca
0%
Lake Urmia
0%
Lena River
0%
Sarisu Lake
0%
Ubangi River
0%
No matching quizzes found
Score Distribution
Percent of People with Each Score
Percentile by Number Answered
Your Score History
You have not taken this quiz